000 00692nam a22002297a 4500
003 UA-OsUOA
001 64202
007 ta
008 20091102b un ||||| |||| 00| 0 ukr d
100 _aЭпштейн Д.М.
090 _a930.25
_bЭ73
942 _cBK
040 _aUA-OsUOA
_brus
_cUA-OsUOA
_dUA-OsUOA
245 _aСоветская археография в период построения социализма 1917-середина 1930-х гг.
_bУчебн. пос.
300 _a94 с.
955 _a2
041 _arus
080 _a930.25
260 _aМ.
_c1980
650 7 _a930.25 Архівознавство. Архівна справа
_2UDC
999 _c350243
_d350243